Capital city addresses - Statistics

General Stats
  • This quiz has been taken 11 times
    3 since last reset
  • The average score is 12 of 20
Answer Stats
Clue City % Correct
Avenida Dr. Antonio Agostinho Neto Luanda
100%
Avenue Mohammad V Rabat
100%
Chongqing S. Road Taipei
100%
Baharestan Square Tehran
100%
Sükhbaatar Square Ulaanbaatar
100%
Sam Sen Road Bangkok
67%
Combatentes Avenue Bissau
67%
Bulevardul Ștefan cel Mare și Sfînt Chisinau
67%
Rua de Formosa Dili
67%
Boulevard Triomphal Libreville
67%
Rustaveli Avenue Tbilisi
67%
Trg svetog Marka Zagreb
67%
Angola Lane Accra
33%
Place de l'Etoile Beirut
33%
Rue de Bruxelles Djibouti
33%
Eliezer Kaplan Street Jerusalem
33%
Bunchy Avenue Juba
33%
KN 5 Road Kigali
33%
Rafi Marg New Delhi
33%
Love Street Windhoek
33%
No matching quizzes found
Score Distribution
Percent of People with Each Score
Percentile by Number Answered
Your Score History
You have not taken this quiz since the last reset